| 000 | 00680cam a22002294a 4500 | ||
|---|---|---|---|
| 003 | UPN | ||
| 005 | 20240911064536.0 | ||
| 008 | 021203s1943 mx r 000 0bspa d | ||
| 035 | _aUPN01000121162 | ||
| 040 |
_aUPN _bspa _cUPN |
||
| 049 | _aCG | ||
| 050 | 4 |
_aF2235.3 _bB6.2 |
|
| 100 | 1 |
_aBolívar, Simón, _d1783-1830 _936819 |
|
| 245 | 1 | 0 |
_aBolívar / _c[Simón Bolívar] ; selec. y pról. de Francisco Monterde. |
| 260 |
_aMéxico : _bSEP, _c1943. |
||
| 300 | _axxx, 221 p. | ||
| 490 | 0 |
_aEl pensamiento de América ; _v5 |
|
| 600 | 1 | 0 |
_aBolívar, Simón, _d1783-1830 _936819 |
| 700 | 1 |
_aMonterde, Francisco, _d1894-1985 _ecomp. _929349 |
|
| 905 | _aLibro | ||
| 942 |
_2lcc _cLIBRO |
||
| 999 |
_c93452 _d93452 |
||